00972pam a2200301 a 45000010005000000030006000050050017000110080041000280100017000690200028000860200018001140400023001320500015001550820009001701000020001792450093001992600047002923000048003394900037003875050007004245200092004315210018005235210018005416500020005596500022005796500035006017000034006364613FISKH20240918101647.0961007s1997 nyua b 000 1 eng  a 96047357  a0670873543 (alk. paper) a9780141302737 aDLCcDLCdDLCbeng aPZ7.A2615  a310 1 aAdler, David A.10aYoung Cam Jansen and the lost tooth /cby David A. Adler ; illustrated by Susanna Natti. aNew York :bPenguin Young Readers, c1997. a32 pages : bcolor illustrations ; c23 cm  aPenguin Young Readers vLevel 3 aJ  aCam uses her photographic memory to help a classmate find the tooth she lost at school.8 a470 bLexile 8 aJ bRaz-Plus  1aTeethxFiction. 1aSchoolsxFiction. 1aMystery and detective stories.1 aNatti, Susanna,eillustrator